[Event "WC-2014-Q-00011"]
[Site "LSS email"]
[Date "2014.11.12"]
[Round "?"]
[White "Degterev, Pavel"]
[Black "Baranowski, Tadeusz"]
[Result "1/2-1/2"]
[WhiteElo "2248"]
[BlackElo "2404"]
[PlyCount "72"]
[EventDate "2014.11.20"]
[EventType "tourn (corr)"]
[EventRounds "12"]
[EventCountry "GER"]
[SourceTitle "Corr 2022"]
[Source "ChessBase"]
[SourceDate "2021.10.24"]
[SourceVersion "1"]
[SourceVersionDate "2021.10.24"]
[SourceQuality "1"]

1. b4 Nf6 2. Bb2 d5 3. Nf3 Bf5 4. e3 e6 5. a3 a5 6. b5 Bd6 7. Be2 Nbd7 8. Nh4 Bg6 9. c4 c5 10. d3 Qe7 11. Nd2 Be5 12. d4 Bd6 13. Nxg6 hxg6 14. g3 0-0 15. 0-0 Rfe8 16. Re1 cxd4 17. exd4 dxc4 18. Nxc4 Nd5 19. Rc1 N7b6 20. Qb3 a4 21. Qf3 Nxc4 22. Bxc4 Nb6 23. Bf1 Rac8 24. Qe3 Nd5 25. Qd3 Ra8 26. Rc2 Qd7 27. Be2 Bc7 28. Kg2 Rad8 29. Rec1 Bf4 30. Rd1 Bg5 31. Bf3 Rc8 32. Rc4 Ra8 33. Rc5 Be7 34. Rc2 Bg5 35. Rc5 Rf8 36. Re1 Be7 1/2-1/2

[Event "WC-2014-S-00004"]
[Site "LSS email"]
[Date "2014.10.12"]
[Round "?"]
[White "Kopasov, Evgeny"]
[Black "Degterev, Pavel"]
[Result "0-1"]
[WhiteElo "2205"]
[BlackElo "2254"]
[PlyCount "242"]
[EventDate "2014.10.15"]
[EventType "tourn (corr)"]
[EventRounds "12"]
[EventCountry "GER"]
[SourceTitle "Corr 2024"]
[Source "ChessBase"]
[SourceDate "2023.10.19"]
[SourceVersion "1"]
[SourceVersionDate "2023.10.19"]
[SourceQuality "1"]

1. d4 Nf6 2. Bf4 c5 3. e3 g6 4. c3 Qb6 5. Na3 d6 6. Nc4 Qc7 7. Nf3 Bg7 8. Bd3 Nh5 9. Bg5 h6 10. Bh4 Be6 11. Nfd2 cxd4 12. cxd4 Nc6 13. 0-0 0-0 14. Be2 Bf6 15. Bxf6 Nxf6 16. Rc1 Rfc8 17. b3 b5 18. Nb2 Qa5 19. Nd3 Nb4 20. Nxb4 Qxb4 21. Ra1 a6 22. Bd3 Rc3 23. Qe2 Rac8 24. Ne4 Nxe4 25. Bxe4 d5 26. Bd3 Qd6 27. Rad1 b4 28. Rfe1 a5 29. Rd2 Bd7 30. Ba6 R8c7 31. Bd3 h5 32. h3 Qf6 33. Red1 Kg7 34. Re1 h4 35. Red1 Kg8 36. Re1 Qg5 37. Kh2 Kg7 38. Red1 Bc8 39. Bb1 Qf6 40. Bd3 Bd7 41. Kg1 Rc8 42. Ba6 Rh8 43. Bd3 Rhc8 44. Ba6 Rb8 45. Bd3 Rd8 46. Rc2 Rdc8 47. Rcd2 Qg5 48. Kh2 Qf6 49. Kg1 Qg5 50. Kh2 R8c7 51. Re1 Bc8 52. Red1 R7c6 53. Bb5 Rf6 54. Bd3 Bf5 55. Bxf5 gxf5 56. Kh1 Re6 57. Qf3 Re4 58. Rd3 Rc6 59. R3d2 Kh6 60. Rg1 f4 61. exf4 Rxf4 62. Qd1 Re4 63. Rd3 Rc3 64. Rf3 Kg7 65. a3 f6 66. axb4 axb4 67. Kh2 Kg6 68. Kh1 Kf7 69. Rd3 Qf5 70. Rf1 Qf4 71. f3 Re3 72. Rxe3 Qxe3 73. f4 Qe4 74. Qh5+ Ke6 75. Qxh4 Rxb3 76. Kh2 Kd7 77. Qg4+ Kc7 78. Qd1 Rc3 79. Qa1 Rc2 80. Rg1 Qxf4+ 81. Kh1 Qe4 82. Qa5+ Kd7 83. Qxb4 Ke8 84. Qb1 Kf7 85. Qd1 Re2 86. Kh2 Kg7 87. Kh1 Re3 88. Qf3 Qxd4 89. Rd1 Qe5 90. Qg4+ Kf7 91. Qh4 d4 92. Kg1 Re4 93. Qh7+ Ke8 94. Qg8+ Kd7 95. Qc4 Re1+ 96. Rxe1 Qxe1+ 97. Kh2 Qe4 98. g4 e6 99. Qa4+ Ke7 100. Qa7+ Ke8 101. Kg3 d3 102. Qc5 Kf7 103. Qh5+ Kg7 104. Qc5 f5 105. Qe7+ Kg6 106. Qe8+ Kf6 107. Qf8+ Ke5 108. Qb8+ Kd5 109. Qb5+ Kd6 110. Qb6+ Kd7 111. gxf5 Qxf5 112. Qb7+ Ke8 113. Qc8+ Kf7 114. Qd7+ Kg6 115. Qe8+ Kh7 116. Qd8 e5 117. h4 e4 118. Qd4 Qf3+ 119. Kh2 Qg4 120. Qf6 Qe2+ 121. Kg3 Qe3+ 0-1

[Event "WC-2014-S-00004"]
[Site "LSS email"]
[Date "2014.10.12"]
[Round "?"]
[White "Ramponelli, Roberto"]
[Black "Degterev, Pavel"]
[Result "1/2-1/2"]
[WhiteElo "2205"]
[BlackElo "2254"]
[PlyCount "45"]
[EventDate "2014.10.15"]
[EventType "tourn (corr)"]
[EventRounds "12"]
[EventCountry "GER"]
[SourceTitle "Corr 2024"]
[Source "ChessBase"]
[SourceDate "2023.10.19"]
[SourceVersion "1"]
[SourceVersionDate "2023.10.19"]
[SourceQuality "1"]

1. e4 g6 2. d4 Bg7 3. Nc3 d6 4. f4 Nf6 5. Nf3 0-0 6. Bd3 Nc6 7. e5 Nd7 8. 0-0 Nb4 9. Be4 c5 10. Be3 cxd4 11. Bxd4 f5 12. exf6 Nxf6 13. Kh1 Nxe4 14. Nxe4 Nc6 15. Bxg7 Kxg7 16. Nd4 Qb6 17. Nxc6 bxc6 18. Qd3 a5 19. b3 d5 20. Qc3+ d4 21. Qc5 Qxc5 22. Nxc5 Rf5 23. Nd3 1/2-1/2

[Event "CP-2014-P-00035"]
[Site "LSS email"]
[Date "2014.09.30"]
[Round "?"]
[White "Degterev, Pavel"]
[Black "Mostowik, Pawel"]
[Result "1/2-1/2"]
[WhiteElo "2260"]
[BlackElo "1887"]
[PlyCount "73"]
[EventDate "2014.10.01"]
[EventType "tourn (corr)"]
[EventRounds "6"]
[EventCountry "GER"]
[SourceTitle "Corr 2022"]
[Source "ChessBase"]
[SourceDate "2021.10.24"]
[SourceVersion "1"]
[SourceVersionDate "2021.10.24"]
[SourceQuality "1"]

1. b4 e5 2. Bb2 Bxb4 3. Bxe5 Nf6 4. e3 d5 5. Nf3 0-0 6. Bb2 c5 7. Be2 Nc6 8. c3 Ba5 9. 0-0 Re8 10. d3 Qd6 11. Nbd2 Bc7 12. Re1 Bg4 13. h3 Bd7 14. Qc2 b5 15. a4 b4 16. Nb3 bxc3 17. Ba3 Nb4 18. Qxc3 d4 19. Qxc5 dxe3 20. fxe3 a5 21. Qxd6 Bxd6 22. Nfd2 Bg3 23. Rec1 Rxe3 24. Bf3 Rb8 25. Bxb4 Rxb4 26. Nxa5 Rxd3 27. Nc6 Bxc6 28. Rxc6 g6 29. Rc2 Bf4 30. Nc4 Rd4 31. Be2 Ne4 32. a5 Bb8 33. a6 Ba7 34. Kh2 Bb8+ 35. Kg1 Ba7 36. Kh2 Bb8+ 37. Kg1 1/2-1/2

[Event "CP-2014-P-00035"]
[Site "LSS email"]
[Date "2014.09.30"]
[Round "?"]
[White "Zukan, Jakob"]
[Black "Degterev, Pavel"]
[Result "1/2-1/2"]
[WhiteElo "1735"]
[BlackElo "2260"]
[PlyCount "97"]
[EventDate "2014.10.01"]
[EventType "tourn (corr)"]
[EventRounds "6"]
[EventCountry "GER"]
[SourceTitle "Corr 2022"]
[Source "ChessBase"]
[SourceDate "2021.10.24"]
[SourceVersion "1"]
[SourceVersionDate "2021.10.24"]
[SourceQuality "1"]

1. d4 Nf6 2. Nf3 e6 3. e3 d5 4. c4 c5 5. Nc3 a6 6. cxd5 exd5 7. Be2 Nc6 8. 0-0 cxd4 9. Nxd4 Bd6 10. e4 dxe4 11. Nxc6 bxc6 12. Bg5 Bf5 13. Qa4 0-0 14. Rad1 Qc7 15. Bxf6 gxf6 16. Kh1 Rfe8 17. f4 Rad8 18. g4 Be6 19. f5 Bc8 20. Nxe4 Be5 21. g5 c5 22. Rxd8 Rxd8 23. Nxf6+ Kh8 24. Bf3 Bxf5 25. Qh4 Qb8 26. b3 Qb4 27. Qxb4 cxb4 28. Nd5 Bh3 29. Re1 Bd6 30. Rd1 Rc8 31. Nf6 Be7 32. Nd5 Bxg5 33. Nxb4 Rc3 34. Rd3 Rc1+ 35. Rd1 Rxd1+ 36. Bxd1 Be3 37. Nd5 Bd4 38. Bc2 Be5 39. Bd3 a5 40. Ne3 Kg7 41. Bf5 Bxf5 42. Nxf5+ Kf6 43. Ne3 Kg5 44. Kg2 Kf4 45. Nc4 Bc7 46. h3 Ke4 47. Kf2 Kf4 48. Kg2 Ke4 49. Kf2 1/2-1/2

[Event "BI-2014-P-0000"]
[Site "LSS email"]
[Date "2014.04.19"]
[Round "?"]
[White "Degterev, Pavel"]
[Black "Pons, Francisco"]
[Result "1-0"]
[WhiteElo "2316"]
[BlackElo "1408"]
[PlyCount "57"]
[EventDate "2014.04.25"]
[EventType "tourn (corr)"]
[EventRounds "10"]
[EventCountry "GER"]
[SourceTitle "Corr 2022"]
[Source "ChessBase"]
[SourceDate "2021.10.24"]
[SourceVersion "1"]
[SourceVersionDate "2021.10.24"]
[SourceQuality "1"]

1. b4 e5 2. Bb2 d6 3. c4 Nf6 4. g3 Be7 5. Bg2 0-0 6. Nf3 Be6 7. Ng5 Bc8 8. Nc3 h6 9. Nge4 Nbd7 10. 0-0 Rb8 11. d4 exd4 12. Qxd4 Nxe4 13. Nxe4 Nf6 14. Qxa7 Bg4 15. Nc3 Re8 16. a4 c6 17. Rfd1 Qc7 18. a5 Ra8 19. Qd4 Bf8 20. b5 Rac8 21. a6 c5 22. Qf4 Be6 23. Bxb7 Rb8 24. Bc6 Red8 25. Nd5 Nxd5 26. cxd5 Bd7 27. a7 Ra8 28. Qa4 Bxc6 29. dxc6 1-0

[Event "BI-2014-P-0000"]
[Site "LSS email"]
[Date "2014.04.19"]
[Round "?"]
[White "Degterev, Pavel"]
[Black "Ramponelli, Roberto"]
[Result "1/2-1/2"]
[WhiteElo "2316"]
[BlackElo "2226"]
[PlyCount "60"]
[EventDate "2014.04.25"]
[EventType "tourn (corr)"]
[EventRounds "10"]
[EventCountry "GER"]
[SourceTitle "Corr 2022"]
[Source "ChessBase"]
[SourceDate "2021.10.24"]
[SourceVersion "1"]
[SourceVersionDate "2021.10.24"]
[SourceQuality "1"]

1. b4 Nf6 2. Bb2 e6 3. b5 d5 4. Nf3 c5 5. e3 Nbd7 6. c4 b6 7. Be2 Bb7 8. 0-0 Qc7 9. cxd5 exd5 10. a4 Bd6 11. a5 0-0 12. a6 Bc8 13. Nc3 Ne5 14. h3 Bf5 15. d4 Nxf3+ 16. Bxf3 Rad8 17. dxc5 bxc5 18. Kh1 Be5 19. b6 Qxb6 20. Na4 Qb8 21. Bxe5 Qxe5 22. Nxc5 Be4 23. Qd4 Qf5 24. Bxe4 dxe4 25. Qb4 g6 26. Rac1 Rc8 27. Kg1 Rc6 28. Nxe4 Rb6 29. Nxf6+ Qxf6 30. Qc4 Rd8 1/2-1/2

[Event "BI-2014-P-0000"]
[Site "LSS email"]
[Date "2014.04.19"]
[Round "?"]
[White "Degterev, Pavel"]
[Black "Tanti, Joseph"]
[Result "1/2-1/2"]
[WhiteElo "2316"]
[BlackElo "1785"]
[PlyCount "98"]
[EventDate "2014.04.25"]
[EventType "tourn (corr)"]
[EventRounds "10"]
[EventCountry "GER"]
[SourceTitle "Corr 2022"]
[Source "ChessBase"]
[SourceDate "2021.10.24"]
[SourceVersion "1"]
[SourceVersionDate "2021.10.24"]
[SourceQuality "1"]

1. b4 e5 2. Bb2 Bxb4 3. Bxe5 Nf6 4. c4 0-0 5. Nf3 d5 6. e3 Re8 7. Bb2 c5 8. cxd5 Nxd5 9. Qc2 Nc6 10. a3 Ba5 11. Bd3 h6 12. 0-0 Bg4 13. Be4 Rc8 14. h3 Be6 15. Bh7+ Kh8 16. Bf5 Qd7 17. Bxe6 Rxe6 18. Qxc5 Rg6 19. Kh1 Nce7 20. Ne5 Rxc5 21. Nxd7 Rc2 22. Be5 Nc6 23. Bh2 Re6 24. a4 Re7 25. Na3 Rxd2 26. Nb8 Nb6 27. Nxc6 bxc6 28. Rac1 Bb4 29. Nb1 Rd3 30. a5 Bxa5 31. Rxc6 Kh7 32. Kg1 Nd5 33. Ra6 Bb4 34. Bb8 Bc5 35. Ra5 Bb6 36. Ra3 Rxa3 37. Nxa3 Re8 38. Bd6 Rc8 39. Ra1 a5 40. Kf1 Nf6 41. Ke2 Ne4 42. Be5 Kg6 43. f3 Nc3+ 44. Kd3 Nd5 45. Nc2 f6 46. Bd4 Bxd4 47. Nxd4 Rc3+ 48. Kd2 Rxe3 49. Rxa5 Re5 1/2-1/2

[Event "BI-2014-P-0000"]
[Site "LSS email"]
[Date "2014.04.19"]
[Round "?"]
[White "Shivdasani, Vijay"]
[Black "Degterev, Pavel"]
[Result "0-1"]
[WhiteElo "2093"]
[BlackElo "2316"]
[PlyCount "128"]
[EventDate "2014.04.25"]
[EventType "tourn (corr)"]
[EventRounds "10"]
[EventCountry "GER"]
[SourceTitle "Corr 2022"]
[Source "ChessBase"]
[SourceDate "2021.10.24"]
[SourceVersion "1"]
[SourceVersionDate "2021.10.24"]
[SourceQuality "1"]

1. e4 g6 2. d4 Bg7 3. Nc3 d6 4. Be3 c6 5. Qd2 b5 6. Bd3 Nd7 7. Nf3 Ngf6 8. 0-0 0-0 9. Rfe1 Qc7 10. h3 Re8 11. a3 a6 12. Rad1 Bb7 13. Bh6 e5 14. dxe5 dxe5 15. Nh4 Bh8 16. Nf5 Nf8 17. Bxf8 Kxf8 18. Qh6+ Kg8 19. Qg5 Rad8 20. Be2 Bg7 21. Nxg7 Kxg7 22. Bf3 c5 23. Rxd8 Rxd8 24. Nd5 Bxd5 25. exd5 Re8 26. Be4 Qd7 27. Qe3 c4 28. Rd1 a5 29. Kf1 h5 30. c3 h4 31. Qe2 Qd6 32. Rd2 Nh5 33. Qg4 Rh8 34. Bc2 Nf4 35. Be4 b4 36. axb4 axb4 37. Rd1 bxc3 38. bxc3 Qa3 39. d6 Qxc3 40. d7 Rd8 41. Kg1 Nd3 42. Bc6 Qb3 43. Kh2 Nxf2 44. Qxh4 Qxd1 45. Qxd8 Qh1+ 46. Kg3 Qg1 47. h4 Nh1+ 48. Kh3 Qd4 49. Kh2 c3 50. Kxh1 c2 51. Qg5 Qa1+ 52. Kh2 c1Q 53. Qxc1 Qxc1 54. d8Q Qxc6 55. Qg5 Qf6 56. Qg4 Qf4+ 57. Qxf4 exf4 58. g3 fxg3+ 59. Kxg3 Kf6 60. Kg4 Ke6 61. Kg5 Ke5 62. h5 gxh5 63. Kxh5 f5 64. Kh4 Kf4 0-1

[Event "BI-2013-F-0003"]
[Site "LSS email"]
[Date "2014.02.21"]
[Round "?"]
[White "Degterev, Pavel"]
[Black "Vujadinovic, Milan"]
[Result "0-1"]
[WhiteElo "2121"]
[BlackElo "1996"]
[PlyCount "52"]
[EventDate "2014.02.27"]
[EventType "tourn (corr)"]
[EventRounds "10"]
[EventCountry "GER"]
[SourceTitle "Corr 2015"]
[Source "ChessBase"]
[SourceDate "2015.07.17"]
[SourceVersion "1"]
[SourceVersionDate "2015.07.17"]
[SourceQuality "1"]

1. b4 e5 2. Bb2 Bxb4 3. Bxe5 Nf6 4. c4 0-0 5. e3 d5 6. Nf3 Re8 7. Bb2 c5 8. cxd5 Nxd5 9. Qc2 Qe7 10. Bd3 h6 11. 0-0 Be6 12. Nc3 Nxc3 13. dxc3 Ba5 14. Rfd1 Nc6 15. c4 Rad8 16. a3 Bc7 17. Bh7+ Kh8 18. Be4 Na5 19. Qc3 Rg8 20. Bd5 Bxd5 21. cxd5 b5 22. e4 f6 23. Qc2 Rge8 24. Re1 c4 25. Rad1 Nb3 26. e5 fxe5 0-1

[Event "BI-2013-F-0003"]
[Site "LSS email"]
[Date "2014.02.21"]
[Round "?"]
[White "Koehler, Josef"]
[Black "Degterev, Pavel"]
[Result "1/2-1/2"]
[WhiteElo "2023"]
[BlackElo "2121"]
[PlyCount "177"]
[EventDate "2014.02.27"]
[EventType "tourn (corr)"]
[EventRounds "10"]
[EventCountry "GER"]
[SourceTitle "Corr 2015"]
[Source "ChessBase"]
[SourceDate "2015.07.17"]
[SourceVersion "1"]
[SourceVersionDate "2015.07.17"]
[SourceQuality "1"]

1. Nf3 f5 2. g3 d5 3. Bg2 Nc6 4. d4 e6 5. 0-0 Nf6 6. c4 dxc4 7. Qa4 Nd5 8. Qxc4 Be7 9. Rd1 0-0 10. Nc3 Nb6 11. Qb3 a5 12. h3 a4 13. Qc2 Bd7 14. Ne5 Nxe5 15. dxe5 Qc8 16. a3 c5 17. h4 Bc6 18. e4 h6 19. exf5 exf5 20. Bxc6 Qxc6 21. Bf4 Rae8 22. Rac1 Rf7 23. h5 c4 24. Rd2 Bc5 25. Re1 Rff8 26. Red1 Rc8 27. Rf1 Rce8 28. Re1 Kh7 29. Red1 Qf3 30. Rc1 Qc6 31. Qd1 Rf7 32. Qf1 Nd7 33. Re1 Qa6 34. Nd5 Nf8 35. Be3 Qc6 36. Bxc5 Qxc5 37. Nf4 Ne6 38. Re3 Nxf4 39. gxf4 Re6 40. Qd1 g5 41. Rd5 Qc6 42. Rd6 Qe8 43. Rg3 Rg7 44. Qd2 Qf7 45. fxg5 hxg5 46. Rxg5 f4 47. Rxg7+ Qxg7+ 48. Kf1 Qxe5 49. Rxe6 Qxe6 50. Qxf4 Qd5 51. Ke1 b5 52. Qg4 Kh8 53. h6 Qh1+ 54. Ke2 Qxh6 55. Qc8+ Kg7 56. Qd7+ Kh8 57. Qxb5 Qe6+ 58. Kd2 c3+ 59. Kd3 Qd6+ 60. Kxc3 Qf6+ 61. Kc4 Qf4+ 62. Kd5 Qxf2 63. Qxa4 Qf5+ 64. Kd6 Qf6+ 65. Kc5 Qe5+ 66. Kc4 Qxb2 67. Qe8+ Kh7 68. Qe4+ Kg8 69. a4 Qc1+ 70. Kb5 Qg5+ 71. Ka6 Qf6+ 72. Ka7 Qg7+ 73. Kb6 Qb2+ 74. Kc5 Qf2+ 75. Kb5 Qb2+ 76. Qb4 Qe5+ 77. Ka6 Qe6+ 78. Qb6 Qc8+ 79. Qb7 Qc4+ 80. Qb5 Qe6+ 81. Ka7 Qf7+ 82. Ka8 Qf3+ 83. Qb7 Qf5 84. Qg2+ Kf8 85. Qc6 Qe5 86. Kb7 Qe7+ 87. Kb6 Qd8+ 88. Ka6 Qd3+ 89. Kb7 1/2-1/2

[Event "BI-2013-F-0003"]
[Site "LSS email"]
[Date "2014.02.21"]
[Round "?"]
[White "Tavani, Alberto"]
[Black "Degterev, Pavel"]
[Result "1-0"]
[WhiteElo "2186"]
[BlackElo "2121"]
[PlyCount "35"]
[EventDate "2014.02.27"]
[EventType "tourn (corr)"]
[EventRounds "10"]
[EventCountry "GER"]
[SourceTitle "Corr 2015"]
[Source "ChessBase"]
[SourceDate "2015.07.17"]
[SourceVersion "1"]
[SourceVersionDate "2015.07.17"]
[SourceQuality "1"]

1. d4 Nf6 2. c4 c5 3. d5 e6 4. Nc3 exd5 5. cxd5 d6 6. g3 g6 7. Bg2 Bg7 8. Nf3 0-0 9. 0-0 Re8 10. Nd2 Nbd7 11. a4 b6 12. h3 a6 13. Nc4 Ne5 14. Nxe5 Rxe5 15. Re1 Re8 16. e4 Nd7 17. Be3 Bb7 18. Qe2 1-0

[Event "WC-2014-S-00001"]
[Site "LSS email"]
[Date "2014.01.13"]
[Round "?"]
[White "Degterev, Pavel"]
[Black "Braun, Andreas"]
[Result "0-1"]
[WhiteElo "2257"]
[BlackElo "2457"]
[PlyCount "154"]
[EventDate "2018.02.10"]
[EventType "tourn (corr)"]
[EventRounds "12"]
[EventCountry "GER"]
[SourceTitle "Corr 2022"]
[Source "ChessBase"]
[SourceDate "2021.10.24"]
[SourceVersion "1"]
[SourceVersionDate "2021.10.24"]
[SourceQuality "1"]

1. b4 Nf6 2. Bb2 e6 3. b5 d5 4. Nf3 c5 5. e3 Nbd7 6. c4 Bd6 7. Be2 Qc7 8. h3 e5 9. d3 d4 10. 0-0 0-0 11. Nbd2 Ne8 12. a4 a5 13. Re1 h6 14. Qb3 Nef6 15. Nf1 b6 16. Nh4 Bb7 17. Bf3 Rfe8 18. Bxb7 Qxb7 19. Nf5 Bf8 20. N5g3 g6 21. Nd2 Bg7 22. Re2 Re6 23. Rae1 Qc7 24. Nf3 Rae8 25. Qd1 Nf8 26. Qc2 N6d7 27. Qd2 f5 28. e4 f4 29. Nf1 g5 30. Qd1 Rg6 31. N1h2 h5 32. Kh1 Bf6 33. g4 Rh6 34. Rg1 Re7 35. Ree1 Reh7 36. h4 Ne6 37. hxg5 Nxg5 38. Kg2 Rg7 39. Nxg5 Rxg5 40. Kf1 Rhg6 41. Qf3 Nf8 42. Ke2 Rg7 43. Qh3 Qc8 44. f3 Rh7 45. Qg2 Ne6 46. Rh1 Kf7 47. Reg1 Rg6 48. Kd1 Qh8 49. Kc2 Rgh6 50. Nf1 hxg4 51. Rxh6 Rxh6 52. Qxg4 Rh7 53. Qg2 Rg7 54. Qf2 Rxg1 55. Qxg1 Qh3 56. Nd2 Ng5 57. Qd1 Qh2 58. Qf1 Nh3 59. Bc1 Ng1 60. Kb3 Ke7 61. Ka3 Kd6 62. Nb3 Qg3 63. Nd2 Bh4 64. Ka2 Qh2 65. Kb2 Bf2 66. Kc2 Be3 67. Kd1 Qg3 68. Kc2 Bxd2 69. Bxd2 Nxf3 70. Qh1 Nh4 71. Be1 Qg2+ 72. Qxg2 Nxg2 73. Kd1 Nxe1 74. Kxe1 Ke6 75. Kf2 Kf6 76. Ke2 Kg5 77. Kf3 Kh4 0-1

[Event "WC-2014-S-00001"]
[Site "LSS email"]
[Date "2014.01.13"]
[Round "?"]
[White "Degterev, Pavel"]
[Black "Wallach, Naor"]
[Result "1/2-1/2"]
[WhiteElo "2257"]
[BlackElo "2219"]
[PlyCount "137"]
[EventDate "2018.02.10"]
[EventType "tourn (corr)"]
[EventRounds "12"]
[EventCountry "GER"]
[SourceTitle "Corr 2022"]
[Source "ChessBase"]
[SourceDate "2021.10.24"]
[SourceVersion "1"]
[SourceVersionDate "2021.10.24"]
[SourceQuality "1"]

1. b4 d5 2. Bb2 c6 3. e3 Nf6 4. Nf3 Bg4 5. c4 e6 6. a3 Nbd7 7. h3 Bh5 8. c5 b6 9. d4 bxc5 10. dxc5 Bxf3 11. gxf3 a5 12. Nd2 Be7 13. Nb3 axb4 14. axb4 0-0 15. Be2 Qc7 16. 0-0 e5 17. Qd2 h6 18. Rxa8 Rxa8 19. Ra1 Re8 20. Ra6 Nb8 21. Ra8 Qb7 22. Ra4 Nbd7 23. Qc2 Qb8 24. Ba1 Nf8 25. Qd3 d4 26. exd4 Nd5 27. dxe5 Ng6 28. Qf5 Bf8 29. f4 Ngxf4 30. Bf1 Ng6 31. Na5 Re6 32. Qe4 Qd8 33. Ra3 Nxe5 34. Bxe5 Qg5+ 35. Rg3 Rxe5 36. Qd4 Qf5 37. Nxc6 Re1 38. Qd3 Qd7 39. Na5 Qe6 40. Rg4 g5 41. Qc4 Qf5 42. Nb7 h5 43. Rg3 Nf4 44. Kh2 Ng6 45. Kg1 h4 46. Qd3 Qc8 47. Rxg5 Qxb7 48. Qc4 Qe4 49. Qxe4 Rxe4 50. c6 Bd6 51. Bd3 Re1+ 52. Kg2 Kg7 53. Rg4 Rc1 54. b5 Rc5 55. Bxg6 fxg6 56. Rxh4 Rxb5 57. Rd4 Be7 58. Rc4 Rb8 59. c7 Rc8 60. Rc6 Kf7 61. f4 g5 62. fxg5 Bxg5 63. Kf3 Ke8 64. Ke4 Kd7 65. Rc5 Bh4 66. Rc4 Bg3 67. Kf5 Rf8+ 68. Kg6 Bxc7 69. h4 1/2-1/2

[Event "CP-2012-Q-00013"]
[Site "LSS email"]
[Date "2013.12.17"]
[Round "?"]
[White "Larin, Igor Yaroslavovich"]
[Black "Degterev, Pavel"]
[Result "1/2-1/2"]
[WhiteElo "2193"]
[BlackElo "2127"]
[PlyCount "59"]
[EventDate "2013.12.22"]
[EventType "tourn (corr)"]
[EventRounds "6"]
[EventCountry "GER"]
[SourceTitle "Corr 2015"]
[Source "ChessBase"]
[SourceDate "2015.07.17"]
[SourceVersion "1"]
[SourceVersionDate "2015.07.17"]
[SourceQuality "1"]

1. d4 Nf6 2. c4 c5 3. d5 e6 4. Nc3 exd5 5. cxd5 d6 6. Nf3 g6 7. Nd2 Bg7 8. e4 0-0 9. Be2 Na6 10. 0-0 Re8 11. f3 Nd7 12. Nc4 Nb6 13. Bf4 Nxc4 14. Bxc4 Nc7 15. Qd2 Rb8 16. a4 a6 17. Rfe1 b5 18. axb5 axb5 19. Bf1 b4 20. Nd1 Qf6 21. Nf2 Qxb2 22. Qxb2 Bxb2 23. Bxd6 Bxa1 24. Rxa1 Ra8 25. Rd1 Na6 26. Bb5 Rd8 27. Be7 Rb8 28. Bc6 Rf8 29. Rc1 b3 30. Bd6 1/2-1/2

[Event "CP-2012-Q-00013"]
[Site "LSS email"]
[Date "2013.12.17"]
[Round "?"]
[White "Salzmann, Stefan"]
[Black "Degterev, Pavel"]
[Result "1-0"]
[WhiteElo "2167"]
[BlackElo "2127"]
[PlyCount "93"]
[EventDate "2013.12.22"]
[EventType "tourn (corr)"]
[EventRounds "6"]
[EventCountry "GER"]
[SourceTitle "Corr 2015"]
[Source "ChessBase"]
[SourceDate "2015.07.17"]
[SourceVersion "1"]
[SourceVersionDate "2015.07.17"]
[SourceQuality "1"]

1. d4 Nf6 2. Nf3 e6 3. c4 c5 4. d5 exd5 5. cxd5 d6 6. Nc3 g6 7. Bf4 a6 8. a4 Bg7 9. h3 0-0 10. e3 Qb6 11. Ra3 Nbd7 12. Be2 Qc7 13. Nd2 Ne5 14. Bg3 b6 15. 0-0 Rb8 16. Qb1 Re8 17. f4 Ned7 18. Bf2 Nh5 19. Bxh5 gxh5 20. e4 f5 21. exf5 Nf6 22. Qd3 Qa7 23. Kh2 Rf8 24. Bh4 Ne8 25. f6 Nxf6 26. f5 a5 27. Nb5 Qd7 28. Nc4 Bb7 29. Re1 Ba6 30. Qg3 Bxb5 31. axb5 Kh8 32. Nxd6 Rbd8 33. Re6 Qc7 34. Rae3 Nxd5 35. f6 Bxf6 36. Bxf6+ Nxf6 37. Rf3 Qg7 38. Qh4 Rg8 39. Qxf6 Qxf6 40. Rexf6 Kg7 41. R3f5 Rb8 42. Re6 Rbf8 43. Rxh5 Rf6 44. Re7+ Kg6 45. Rexh7 Rff8 46. R7h6+ Kg7 47. g4 1-0

[Event "CP-2012-Q-00013"]
[Site "LSS email"]
[Date "2013.12.17"]
[Round "?"]
[White "Yap, Sebastian"]
[Black "Degterev, Pavel"]
[Result "1-0"]
[WhiteElo "1619"]
[BlackElo "2127"]
[PlyCount "155"]
[EventDate "2013.12.22"]
[EventType "tourn (corr)"]
[EventRounds "6"]
[EventCountry "GER"]
[SourceTitle "Corr 2015"]
[Source "ChessBase"]
[SourceDate "2015.07.17"]
[SourceVersion "1"]
[SourceVersionDate "2015.07.17"]
[SourceQuality "1"]

1. e4 g6 2. d4 Bg7 3. Nc3 d6 4. Nf3 Nf6 5. Be2 0-0 6. 0-0 c6 7. h3 Nbd7 8. a4 Qc7 9. Be3 b6 10. Qd3 Bb7 11. a5 bxa5 12. Bf4 e5 13. dxe5 dxe5 14. Bh2 Rfe8 15. Qe3 Bf8 16. Bc4 Qb6 17. Qe2 h6 18. Rfd1 Qc7 19. Qe3 Qb6 20. Qd3 Qc7 21. Qe3 Qb6 22. Qe2 Rad8 23. g4 Bc8 24. Na4 Qc7 25. Kg2 Nh7 26. Bb3 Bd6 27. Rd2 Nhf8 28. Qe3 Kg7 29. g5 h5 30. Rad1 Bb4 31. c3 Be7 32. Qe2 Kg8 33. h4 c5 34. Bd5 Ne6 35. Bxe6 fxe6 36. b3 Rf8 37. Qc4 Nb6 38. Nxb6 axb6 39. Nxe5 Rxd2 40. Rxd2 Bd6 41. Nd7 Qxd7 42. Rxd6 Qf7 43. Qe2 c4 44. bxc4 a4 45. Be5 a3 46. Rd2 Bb7 47. f3 Ra8 48. Ra2 Qd7 49. Qe3 Qd8 50. Qf4 Qf8 51. Bf6 Qc5 52. Bd4 e5 53. Bxc5 exf4 54. Bxb6 Ra4 55. Bc5 Kf7 56. Rxa3 Rxa3 57. Bxa3 Ba6 58. c5 Ke6 59. c6 Bc8 60. Kf2 Ba6 61. Ke1 Bc8 62. Bb4 Ba6 63. Kd2 Bb5 64. c7 Ba6 65. c4 Kd7 66. Kd3 Kxc7 67. Kd4 Kd7 68. Kd5 Kd8 69. Ke6 Bxc4+ 70. Kf6 Be2 71. Kxg6 Bxf3 72. Kf5 Kd7 73. Kxf4 Be2 74. Kf5 Bg4+ 75. Kf6 Bf3 76. Ke5 Be2 77. g6 Bc4 78. Kf6 1-0

[Event "CP-2013-P-00053"]
[Site "LSS email"]
[Date "2013.09.30"]
[Round "?"]
[White "Degterev, Pavel"]
[Black "Kalinin, Aleksej"]
[Result "1-0"]
[WhiteElo "2121"]
[BlackElo "700"]
[PlyCount "31"]
[EventDate "2013.10.01"]
[EventType "tourn (corr)"]
[EventRounds "6"]
[EventCountry "GER"]
[SourceTitle "Corr 2015"]
[Source "ChessBase"]
[SourceDate "2015.07.17"]
[SourceVersion "1"]
[SourceVersionDate "2015.07.17"]
[SourceQuality "1"]

1. b4 Nc6 2. b5 Nd4 3. e3 Nf5 4. e4 Nd6 5. Nc3 e5 6. Bb2 Nf6 7. Qe2 b6 8. f4 Ng8 9. fxe5 Nb7 10. Nf3 d6 11. 0-0-0 h6 12. exd6 cxd6 13. Nd4 Na5 14. Re1 Nf6 15. e5 dxe5 16. Qxe5+ 1-0

[Event "BI-2012-F-00008"]
[Site "LSS email"]
[Date "2013.02.15"]
[Round "?"]
[White "Bichik, Aleksandr Mihail"]
[Black "Degterev, Pavel"]
[Result "1-0"]
[WhiteElo "2070"]
[BlackElo "2216"]
[PlyCount "103"]
[EventDate "2013.02.20"]
[EventType "tourn (corr)"]
[EventRounds "10"]
[EventCountry "GER"]
[SourceTitle "Telechess CBM 167"]
[Source "ChessBase"]
[SourceDate "2015.07.13"]
[SourceVersion "1"]
[SourceVersionDate "2015.07.13"]
[SourceQuality "1"]

1. e4 g6 2. d4 Bg7 3. Nc3 d6 4. Nf3 Nf6 5. Be2 0-0 6. 0-0 c6 7. h3 Nbd7 8. a4 Qc7 9. a5 Re8 10. Be3 e5 11. dxe5 Nxe5 12. Qd2 Ned7 13. Bc4 Nc5 14. Bxc5 dxc5 15. Ng5 Be6 16. Nxe6 fxe6 17. Qg5 Nh5 18. Ne2 Bxb2 19. Rab1 Bg7 20. Qxc5 Kh8 21. Nd4 Bf8 22. Qg5 Nf4 23. e5 Qf7 24. Qg4 Bc5 25. Nb3 Be7 26. Rbd1 Rad8 27. g3 Nd5 28. Rd3 Bf8 29. c3 Bg7 30. Rf3 Qc7 31. Re1 Re7 32. h4 Bxe5 33. Nc5 Qd6 34. Ne4 Qc7 35. h5 Rg8 36. Ng5 gxh5 37. Qh4 Rgg7 38. Kf1 Bf6 39. Rxf6 Nxf6 40. Nxe6 Rxe6 41. Rxe6 Ng8 42. Re8 Qd6 43. Rd8 Qe5 44. Qf4 Qxc3 45. Bxg8 Rxg8 46. Rd4 Re8 47. Qf6+ Kg8 48. Rg4+ hxg4 49. Qxc3 Re7 50. a6 bxa6 51. Qc4+ Kf8 52. Qxg4 1-0